00509nam a22001697a 450000500170000001000150001702000110003203500140004303700090005708200060006610000170007224500400008926000820012927000840021130000330029549000110032820250117112936.0 aENG-143511 c160.00 aEN-127043 bDBAD aS aSai Vasantha aBliss Bliss Bliss/cBy Vasantha Sai aRoyapalam Village Roage, MaduraibSri Vasantha Sai Book and Publication Trust aRoyapalam Village Roage, MaduraibMaduraie625706mmukthinilayam@rediffmail.com a187p.c22cm (pbk)bPicturers vPart 2